000 00235nam a2200097Ia 4500
005 20251222114350.0
008 251222s1900||||xx |||||||||||||| ||spa||
082 _aDVD0099/R72/2000/T.1
245 0 _aEl Siglo XX de El Comercio
942 _cDVD
999 _c1216
_d1216